000 01432nam a2200349 c 4500
003 BLK
005 20250125161726.0
008 180411b bul|||||r ||||||| ||bul||
010 _aKNG00181361000
020 _a978-619-164-179-6
_bиздат.: Enthusiast
040 _aBLK
041 _aBUL
_cBUL
072 7 _2bullib
_aН83
_xЧужда художествена литература Н
080 _aАнглийска литература
_b821.111
_x-31
_z821.111-31
100 1 _aХоукинс, Паула
_eпърви автор
_9339403
700 1 _aТерзиева, Маргарита Александрова
_eпрев. от англ.
_9367690
139 _aХоукинс, Паула
_bХ 70
245 1 0 _aМомичето от влака
_bРоман
_cПаула Хоукинс; прев. от англ. Маргарита Александрова Терзиева.
257 _aGBR
260 София
_bEnthusiast
_c2015
_fСофия : Алианс принт
300 _a344 с.
_c21 см
380 _aX
500 _aОриг. загл. The Girl of the Train / Paula Hawkins. - Доп. тир. 2016
653 _aромани
659 _aН
852 _aЦб 276613
856 4 _qpdf
_u
856 4 _qpdf
_u
942 _cKNG
_n0
_059
944 _aCR
_c09.09.2015
_lНора Радева
_k30545
944 _aED
_c17.12.2017
_lф /
_kВиолета_Тройчева
999 _c172988
_d172988